Score 0/62 Timer 20:00
0 Plays Today
% Correct
United States
98.5%
Canada
98.2%
Russia
97.1%
Mexico
96.6%
United Kingdom
96.2%
Qing
96.1%
Brazil
95%
Japan
94.2%
Sweden-Norway
93.2%
Argentina
92.7%
Spain
92.1%
France
91.9%
Chile
91.9%
Germany
91.2%
Korea
89.8%
Portugal
89.8%
Peru
89%
Italy
87.8%
Uruguay
87.5%
Denmark
87.5%
Austria-Hungary
87.1%
Paraguay
87%
Colombia
86.3%
Bolivia
85.8%
Netherlands
83.8%
Venezuela
83.4%
Belgium
83.3%
Ecuador
83%
Greece
81%
Nepal
78.9%
Honduras
78.7%
% Correct
Switzerland
77.6%
Guatemala
77.4%
Morocco
77.1%
Costa Rica
77%
El Salvador
76.9%
Nicaragua
76.1%
Haiti
74.5%
Ethiopia
73.7%
Ottoman
71.1%
Luxembourg
69.6%
Afghanistan
69.3%
Romania
69%
Monaco
69%
Persia
68.9%
Congo Free State
67.7%
Bhutan
67.1%
Dominican Republic
66.9%
Serbia
64.1%
Andorra
63.6%
Bulgaria
63.4%
San Marino
60.8%
Liechtenstein
59.2%
Siam
59.2%
Liberia
58.7%
Montenegro
37.5%
Qatar
32.5%
Orange Free State
17.9%
South African Republic
13.5%
Darfur
5.4%
Jabal Shammar
3.6%
Ouaddai
2.8%
Remove Ads.
Support Sporcle.
Get the best of Sporcle when you Go Orange. This ad-free experience offers more features, more stats, and more fun while also helping to support Sporcle. Thank you for becoming a member.

You're not logged in!

Compare scores with friends on all Sporcle quizzes.
OR
Log In

Sporcle TV

Today on Sporcle TV


Watch our educational content, quiz creation guides, and fun videos on Sporcle TV.

Show Comments

Extras

Top Quizzes Today


Score Distribution

Paid Content

Your Account Isn't Verified!

In order to create a playlist on Sporcle, you need to verify the email address you used during registration. Go to your Sporcle Settings to finish the process.

Report this User

Report this user for behavior that violates our Community Guidelines.

Details: